| 000 | 00608nam a2200181 i 4500 | ||
|---|---|---|---|
| 001 | 164662 | ||
| 003 | ES-MaACL | ||
| 005 | 20230906212958.0 | ||
| 008 | 940301s1857 fr |||| | fre d | ||
| 040 |
_aAS _bspa |
||
| 100 | 1 |
_aSand, George, _d1804-1876 _9103060 |
|
| 245 | 1 | 0 |
_aHorace / _cpar George Sand. |
| 250 | _aNouvelle éd. | ||
| 260 |
_aParis : _bMichel Lévy Frères [etc.], _c1857 ( _fTyp. de Mme Ve. Dondey-Dupre) |
||
| 300 |
_a409 p. ; _c18 cm. |
||
| 852 |
_aES-MaACL _jG-14525 _z-- Enc. hol. _x-- Edic.: En la antep. consta la serie: Oeuvres de George Sand |
||
| 999 |
_c164662 _d164662 |
||